000 00528nam a2200181Ia 4500
999 _c6219
_d6219
003 OSt
005 20200113142723.0
008 190216s9999||||xx |||||||||||||| ||und||
020 _a8126109939
040 _coclc
082 _a332.042
_bBHA/I
100 _aBhalla, V K
_91070
245 0 _aInternational Financial Management Text and Cases /
_c V K Bhalla
250 _a2nd ed.
260 _bAnmol Publications,
_c2001.
_aNew Delhi:
300 _a973p
942 _cBK
_2ddc
_h332.042
_iBHA/I
_k332.042
_mBHA/I